"Nut"s by Clue - Statistics

General Stats
  • This quiz has been taken 65 times
  • The average score is 6 of 9
Answer Stats
Hint Nut % Correct
Largest country in Latin America Brazil nut
91%
A brown and green eye color hazelnut
79%
It's where pirates keep their gold chestnut
75%
You can surf and sunbathe there beechnut
71%
Type of conifer widely used as Christmas trees pine nut
68%
Peter's daughter in Family Guy nutmeg
57%
Spherical green vegetable Pisum sativum peanut
52%
It supports the roof walnut
43%
2017 Pixar film coconut
34%
No matching quizzes found
Score Distribution
Percent of People with Each Score
Percentile by Number Answered
Your Score History
You have not taken this quiz